| 000 | 00627nam a2200205 a 4500 | ||
|---|---|---|---|
| 003 | PILC | ||
| 005 | 20150112093431.0 | ||
| 008 | 100719s19uu xx 00 eng d | ||
| 020 | _a0340496533 | ||
| 050 |
_aTX 943 _b.K56 1984 |
||
| 082 |
_aHSF 647.47 _bK62 1989 |
||
| 100 |
_aKinton, Ronald _911206 |
||
| 245 |
_aThe theory of catering / _cRonald Kinton, Victor Ceserani |
||
| 250 | _a5th ed. | ||
| 260 |
_aBedford Square, London : _bEdward Arnold Publishers Ltd, _c1984. |
||
| 300 |
_a451 pages : _billustration ; _c21 cm. |
||
| 650 |
_aCaterer and catering _911207 |
||
| 700 |
_aCesarani, Victor _911208 |
||
| 942 |
_2lcc _cBK |
||
| 999 |
_c14394 _d14394 |
||